| 000 | 01349nam0a22003371 4500 | ||
|---|---|---|---|
| 001 | rc\3963305 | ||
| 005 | 20250611040541.0 | ||
| 021 |
_aRU _b[55-30111] |
||
| 035 | _a(NLR Aleph) 008051431 | ||
| 090 |
_a8944167 _c8944167 |
||
| 100 | _a20130415d1955 |||y0rusy50 ca | ||
| 101 | 0 | _arus | |
| 102 | _aRU | ||
| 105 | _aa z ||||| | ||
| 200 | 1 | _aИзучение бериллия как замедлителя нейтронов | |
| 210 |
_aМосква _cБ. и. _d1955 |
||
| 215 |
_a18 с. _cил. _d22 |
||
| 225 | 1 | _aДоклады, представленные СССР на Международную конференцию по мирному использованию атомной энергии | |
| 300 | _aПеред загл. авт.: А.К. Красин, И.Г. Морозов, Л.А. Герасева, А.В. Камаев | ||
| 320 | _aБиблиогр.: с. 18 | ||
| 606 |
_aБериллий _2psbo |
||
| 701 | 1 |
_7ca _8rus _aМорозов _bИ. Г. _cканд. физ.-мат. наук, физик _f1919-2011 _gИван Георгиевич _9238299 _3RU\NLR\AUTH\770238355 |
|
| 701 | 1 |
_aГерасева _bЛ.А. |
|
| 701 | 1 |
_aКамаев _bА.В. |
|
| 701 | 1 |
_aКрасин _bА.К. |
|
| 801 | 0 |
_aRU _bNLR _gpsbo |
|
| 801 | 1 |
_aRU _bELAR _2rusmarc |
|
| 852 |
_aNLR _jФз02 Г-6/384 |
||
| 942 | _cBOOK | ||
| 980 | _aNB | ||